| 000 | 02027cam a22004214a 4500 | ||
|---|---|---|---|
| 001 | 696100294 | ||
| 003 | OCoLC | ||
| 005 | 20250203162928.0 | ||
| 008 | 110330s2011 ilu b 101 0 eng | ||
| 010 | _a2011012815 | ||
| 020 | _a9789717241715 | ||
| 035 | _a.b13314476 | ||
| 035 | _a(OCoLC)696100294 | ||
| 040 |
_aDLC _beng _cDLC _dIG# _dBTCTA _dXBE _dCLE _dBDX |
||
| 042 | _apcc | ||
| 049 | _aCDCC | ||
| 245 | 0 | 0 |
_aThinking, loving, doing / _cgeneral editors, John Piper and David Mathis ; contributions by Rick Warren ... [et al.] |
| 260 |
_aWheaton, Ill. : _bCrossway, _cc2011. |
||
| 300 |
_a165 p. ; _c22 cm. |
||
| 336 | _atext | ||
| 337 | _aunmediated | ||
| 338 | _avolume | ||
| 500 | _a"A call to glorify God with heart and mind"--Cover. | ||
| 504 | _aIncludes bibliographical references and indexes. | ||
| 505 | 0 | 0 |
_tThink, love, do: in gospel perspective / _rDavid Mathis -- _tThe battle for your mind / _rRick Warren -- _tThe way the world thinks : meeting the natural mind in the mirror and the marketplace / _rR. Albert Mohler Jr. -- _tThinking deeply in the ocean of revelation : the Bible and the life of the mind / _rR. C. Sproul -- _tThinking for the sake of global faithfulness : encountering Islam with the mind of Christ / _rThabiti Anyabwile -- _tThink hard, stay humble : the life of the mind and the peril of pride / _rFrancis Chan -- _tThinking for the sake of joy : the life of the mind and the love of God / _rJohn Piper. |
| 650 | 0 |
_aThought and thinking _xReligious aspects _xChristianity _vCongresses. |
|
| 650 | 0 |
_aLove _xReligious aspects _xChristianity _vCongresses. |
|
| 650 | 0 |
_aGod (Christianity) _xWorship and love _vCongresses. |
|
| 650 | 0 |
_aChristian life _vCongresses. |
|
| 700 | 1 |
_aPiper, John, _d1946- |
|
| 700 | 1 |
_aMathis, David, _d1980- |
|
| 700 | 1 |
_aWarren, Richard, _d1954- |
|
| 902 | _a240621 | ||
| 942 |
_2lcc _cBK |
||
| 945 | _lmainu | ||
| 956 | 4 |
_uhttp://cdn.desiringgod.org/website_uploads/documents/books/thinking-loving-doing.pdf?1414777987 _zResource online |
|
| 999 |
_c53413 _d53413 |
||
| 999 | _b1 | ||